000 00303nam a22001337a 4500
008 171006b xxu||||| |||| 00| 0 eng d
020 _a9780683063752
041 _aeng
080 _23RD
_a 159.9
100 _a49
101 _aPSI
245 _aADOLESCENT HEALTH CARE
_cNEINSTEIN,L.S
942 _2udc
_cBK
999 _c32400
_d32400